Podnikové vzdelávanie: príležitosť a ohrozenie učenlivej organizácie
Učenlivá organizácia a vzdelávanie. Model vzdelávacieho projektu. Kauzálny model vzdelávania. Stanovenie požadovanej úrovne výkonnosti. Práca v cieľovej skupine. Rozdiely medzi požiadavkami a realitou. Podpora u nadriadených. Získavanie pre vzdelávanie aj účastníkov. Vyhodnocovanie úspešnosti vzdelá...
Saved in:
| Main Author: | |
|---|---|
| Format: | Book Chapter |
| Language: | Slovak |
| Subjects: | |
| Tags: |
No Tags, Be the first to tag this record!
|
MARC
| LEADER | 00000naa$a2200000$$$4500 | ||
|---|---|---|---|
| 001 | 0074485 | ||
| 005 | 20231116120423.6 | ||
| 041 | 0 | |a slo | |
| 044 | |a SK | ||
| 245 | 1 | 0 | |a Podnikové vzdelávanie: príležitosť a ohrozenie učenlivej organizácie |c Ivan Burger |
| 520 | |a Učenlivá organizácia a vzdelávanie. Model vzdelávacieho projektu. Kauzálny model vzdelávania. Stanovenie požadovanej úrovne výkonnosti. Práca v cieľovej skupine. Rozdiely medzi požiadavkami a realitou. Podpora u nadriadených. Získavanie pre vzdelávanie aj účastníkov. Vyhodnocovanie úspešnosti vzdelávania. | ||
| 610 | 2 | 0 | |a učiaca sa organizácia |
| 610 | 2 | 0 | |a stratégia podniková |
| 610 | 2 | 0 | |a vzdelávanie |
| 610 | 2 | 0 | |a podnik |
| 610 | 2 | 0 | |a výkonnosť |
| 100 | 1 | |a Burger, Ivan | |